000 00615nam a2200193Ii 4500
003 JO-AjNU
008 230605s9999||||xx |||||||||||||| ||und||
040 _aJO-AjNU
_bara
_erda
_cJO-AjNU
041 _aara
050 1 4 _aHN40.M6. N3 1974
100 3 _aنوفل، عبد الرزاق,
_eauthor
_917623
245 0 0 _aالقرآن والمجتمع الحديث
264 3 1 _aبيروت: دار الكتاب العربي، 1974
300 _a180ص
336 _atext
_btxt
_2rdacontent
337 _aunmediated
_bn
_2rdamedia
338 _avolume
_bnc
_2rdacarrier
650 4 _a القرآن والمجتمع 
_917624
999 _aA5482
_c9050
_d9050